Najwięcej goli w kadrze (Francja) - Statystyki

Ogólne statystyki
  • Ten quiz został rozwiązany 71 razy
  • Średni wynik to 6 z 10
Statystyki odpowiedzi
Miejsce Lata gry Imie i nazwisko Bramki % Poprawnych
1. 1997–2010 Thierry Henry 51
90%
5. 1994–2006 Zinédine Zidane 31
88%
8. 2014–? Antoine Griezmann 28
84%
10. 2007–2015 Karim Benzema 27
78%
3. 2011–? Olivier Giroud 35
78%
2. 1976–1987 Michel Platini 41
60%
4. 1998–2008 David Trezeguet 34
57%
6. 1986–1995 Jean-Pierre Papin 30
22%
6. 1953–1960 Just Fontaine 30
16%
8. 1993–2002 Youri Djorkaeff 28
7%
Nie znaleziono quizów pasujących do podanych kryteriów
Rozkład punktacji
Procent ludzi z każdym wynikiem
Percentyl według liczby udzielonych odpowiedzi
Twoja historia wyników
Nie rozwiązałeś tego quizu